[Event "Under 2300 Spring Tournament 3"]
[Site "SchemingMind.com"]
[Date "2017.03.29"]
[Round "-"]
[White "Scooter"]
[Black "ray winteringham"]
[Result "0-1"]
[WhiteCountry "USA"]
[BlackCountry "ENG"]
[WhiteElo "1707"]
[WhiteRD "53"]
[BlackElo "1496"]
[BlackRD "51"]
[GameID "412286"]

1. d4 d5 2. Nf3 Bg4 3. e3 a6 4. Be2 c6 5. O-O e6 6. Nbd2 Bd6 7. h3 Bxf3 8. Nxf3 Nf6 9. c4 O-O 10. c5 Be7
11. b4 Nbd7 12. a4 b5 13. axb5 axb5 14. Bb2 h6 15. Rxa8 Qxa8 16. Qa1 Ne4 17. Qxa8 Rxa8 18. Ra1 Rxa1+ 19. Bxa1 f5 20. Bd3 Kf7=
21. Bxe4 fxe4 22. Nd2 Nb8 23. f3 exf3 24. gxf3 g6 25. e4 Bg5 26. Bc3 Bxd2 27. Bxd2 h5 28. Kg2 Kf6 29. Kg3 Kf7 30. Kf4 Nd7
31. Kg5 Nf8= 32. exd5 exd5 33. Kf4 Kf6 34. h4 Ne6+ 35. Ke3 Kf5 36. Kd3 g5 37. hxg5 Nxg5 38. Ke2 Ne6 39. Be3 h4 40. Kf2 Nf4
41. Kf1 h3 42. Kg1 Ng2 43. Bd2 Nh4 44. Bc3 Nxf3+ 45. Kf2 Kg4 46. Bb2 Nh4 47. Kg1 Nf3+ 48. Kf2 Kf4
0-1

[Event "Under 2300 Spring Tournament 3"]
[Site "SchemingMind.com"]
[Date "2017.03.29"]
[Round "-"]
[White "ray winteringham"]
[Black "Scooter"]
[Result "0-1"]
[WhiteCountry "ENG"]
[BlackCountry "USA"]
[WhiteElo "1496"]
[WhiteRD "51"]
[BlackElo "1707"]
[BlackRD "53"]
[GameID "412287"]

1. e4 c6 2. f4 d5 3. e5 Bf5 4. Nf3 e6 5. d4 Nd7 6. Bd3 Bxd3 7. Qxd3 c5 8. c3 cxd4 9. cxd4 Bb4+ 10. Bd2 Bxd2+
11. Nbxd2 Ne7 12. O-O O-O 13. Kh1 a6 14. g3 b5 15. Ng5 g6 16. Nh3 Nf5 17. Nf3 Qb6 18. Rfc1 Rac8 19. Rc2 Rc4 20. Rxc4 bxc4
21. Qc3 a5 22. b3 Qb4 23. Qxb4 axb4 24. Ne1 Nxd4 25. bxc4 dxc4 26. Rb1 b3 27. a3 Nb6 28. Nf2 c3 29. Ned3 c2 30. Rc1 Ne2
31. Re1 Nc4 32. Rxe2 b2 33. Nxb2 c1=Q+
0-1

[Event "Under 2300 Spring Tournament 3"]
[Site "SchemingMind.com"]
[Date "2017.04.05"]
[Round "-"]
[White "emvarela"]
[Black "Scooter"]
[Result "1-0"]
[WhiteCountry "ARG"]
[BlackCountry "USA"]
[WhiteElo "1757"]
[WhiteRD "53"]
[BlackElo "1739"]
[BlackRD "53"]
[GameID "412339"]

1. e4 c6 2. d4 d5 3. Nc3 dxe4 4. Nxe4 Bf5 5. Ng3 Bg6 6. Nf3 h6 7. h4 Nd7 8. h5 Bh7 9. Bd3 Bxd3 10. Qxd3 Qc7
11. Bd2 O-O-O 12. O-O-O Ngf6 13. Ne4 e6 14. Nxf6 Nxf6 15. Be3 Bd6 16. Qc3 Bf4 17. Bxf4 Qxf4+ 18. Qe3 Qxe3+ 19. fxe3 Ne4 20. Rhf1 Ng3
21. Rf2 Nxh5 22. Ne5 Rhf8 23. Rxf7 Rxf7 24. Nxf7 Rf8 25. Nd6+ Kc7 26. Ne4 g5 27. g4 Nf6 28. Nxf6 Rxf6 29. Rg1 Kd6 30. Kd2 Kd5
31. Kd3 b5 32. e4+
1-0

[Event "Under 2300 Spring Tournament 3"]
[Site "SchemingMind.com"]
[Date "2017.04.05"]
[Round "-"]
[White "Scooter"]
[Black "emvarela"]
[Result "1-0"]
[WhiteCountry "USA"]
[BlackCountry "ARG"]
[WhiteElo "1739"]
[WhiteRD "53"]
[BlackElo "1757"]
[BlackRD "53"]
[GameID "412340"]

1. d4 f5 2. Nf3 e6 3. Bg5 Be7 4. Bxe7 Qxe7 5. e3 Nf6 6. Be2 d6 7. O-O Bd7 8. Nbd2 Nc6 9. a3 O-O-O 10. c4 h6
11. b4 b6 12. b5 Na5 13. Nb3 Nxb3 14. Qxb3 g5 15. a4 g4 16. Nh4 Qg7 17. g3 Ne4 18. Rfd1 e5 19. d5 Nc5 20. Qc2 e4
21. a5 Kb7 22. axb6 cxb6 23. Qa2 Ra8 24. Rdb1 a5 25. Qb2 Qxb2 26. Rxb2 Rhf8 27. Ng6 Rf6 28. Nf4 a4 29. Bd1 Ra7 30. Rba2 Rf8
31. Ng6 Rfa8 32. Ne7 Be8 33. Nxf5 Kc7 34. Nxh6 Bd7 35. Nxg4 Bxg4 36. Bxg4 Nd3 37. Bf5
1-0

[Event "Under 2300 Spring Tournament 3"]
[Site "SchemingMind.com"]
[Date "2017.04.05"]
[Round "-"]
[White "emvarela"]
[Black "ray winteringham"]
[Result "1-0"]
[WhiteCountry "ARG"]
[BlackCountry "ENG"]
[WhiteElo "1757"]
[WhiteRD "53"]
[BlackElo "1481"]
[BlackRD "52"]
[GameID "412341"]

1. e4 e5 2. Nf3 Nc6 3. Bb5 Nge7 4. O-O g6 5. c3 Bg7 6. Bxc6 bxc6 7. d4 d6 8. dxe5 Bg4 9. h3 Be6 10. exd6 cxd6
11. Bf4 Nc8 12. Nd4 c5 13. Nxe6 fxe6 14. Nd2 O-O 15. Bg3 Ne7 16. Nc4 d5 17. exd5 exd5 18. Nd6 Nf5 19. Qxd5+ Kh8 20. Nf7+ Rxf7
21. Qxf7 Qb6 22. Qb3 Re8 23. Qxb6 axb6 24. Rfe1 Rd8 25. Bc7
1-0

[Event "Under 2300 Spring Tournament 3"]
[Site "SchemingMind.com"]
[Date "2017.04.05"]
[Round "-"]
[White "ray winteringham"]
[Black "emvarela"]
[Result "1/2-1/2"]
[WhiteCountry "ENG"]
[BlackCountry "ARG"]
[WhiteElo "1481"]
[WhiteRD "52"]
[BlackElo "1757"]
[BlackRD "53"]
[GameID "412342"]

1. e4 e5 2. Nf3 Nc6 3. Bc4 Bc5 4. O-O Nf6 5. d3 O-O 6. Be3 Bxe3 7. fxe3 d6 8. Nbd2 Be6 9. h3 Bxc4 10. Nxc4 b5
11. Ncd2 h6 12. d4 exd4 13. exd4 Re8 14. Re1 Nh7 15. d5 Ne5 16. Rf1 Nxf3+ 17. Rxf3 Ng5 18. Rf4 Qd7 19. Qh5 Re5 20. Qe2 f5
21. Re1 Rae8 22. b3 fxe4 23. c4 e3 24. Nf3 Nxf3+ 25. Rxf3 bxc4 26. bxc4 Qe7 27. Qd3 Rf8 28. Rfxe3 Rxe3 29. Rxe3 Qf6 30. Kh2 Qf4+
31. Kh1 Qf1+ 32. Kh2 Qf4+=
1/2-1/2

[Event "Under 2300 Spring Tournament 3"]
[Site "SchemingMind.com"]
[Date "2017.04.07"]
[Round "-"]
[White "emvarela"]
[Black "Wojtek26"]
[Result "1-0"]
[WhiteCountry "ARG"]
[BlackCountry "POL"]
[WhiteElo "1757"]
[WhiteRD "53"]
[BlackElo "1603"]
[BlackRD "50"]
[GameID "412394"]

1. e4 e5 2. Nf3 Nc6 3. d4 exd4 4. c3 dxc3 5. Bc4 cxb2 6. Bxb2 d6 7. O-O Bg4 8. Nc3 Ne5 9. Be2 Nxf3+ 10. Bxf3 Bxf3
11. Qxf3 b6 12. e5 Nh6 13. Qc6+ Ke7 14. Nd5+ Ke6 15. Nxc7+ Ke7 16. exd6+
1-0

[Event "Under 2300 Spring Tournament 3"]
[Site "SchemingMind.com"]
[Date "2017.04.06"]
[Round "-"]
[White "Wojtek26"]
[Black "emvarela"]
[Result "0-1"]
[WhiteCountry "POL"]
[BlackCountry "ARG"]
[WhiteElo "1603"]
[WhiteRD "50"]
[BlackElo "1757"]
[BlackRD "53"]
[GameID "412395"]

1. d4 f5 2. e3 Nf6 3. Nf3 e6 4. Bc4 Nc6 5. O-O d5 6. Bxd5 exd5 7. Ne5 Nxe5 8. dxe5 Ng4 9. f4 Bc5 10. Re1 Qh4
11. h3 Nf2 12. Qf3 Nxh3+ 13. Qxh3 Qxe1+
0-1

[Event "Under 2300 Spring Tournament 3"]
[Site "SchemingMind.com"]
[Date "2017.04.02"]
[Round "-"]
[White "Scooter"]
[Black "Wojtek26"]
[Result "1-0"]
[WhiteCountry "USA"]
[BlackCountry "POL"]
[WhiteElo "1707"]
[WhiteRD "53"]
[BlackElo "1580"]
[BlackRD "50"]
[GameID "412396"]

1. d4 d5 2. Nf3 Nf6 3. Bf4 e6 4. e3 c5 5. Bb5+ Bd7 6. Bxd7+ Nbxd7 7. c3 c4 8. O-O h6 9. Nbd2 Be7 10. Qc2 O-O
11. b3 b5 12. bxc4 bxc4 13. Ne5 Nxe5 14. Bxe5 Nd7 15. Nf3 Nxe5 16. Nxe5 Bf6 17. Nc6 Qc7 18. Qa4 Rfc8 19. Nb4 a5 20. Nc2 Be7
21. Rab1 Bd6 22. g3 Rab8 23. Na3 Rxb1 24. Rxb1 Bxa3 25. Qxa3 Qa7= 26. Rb5 Ra8 27. Qd6 Qa6 28. Rb6 Qa7 29. Qc6 Rb8 30. Ra6 Rb1+
31. Kg2 Qb8 32. Ra8
1-0

[Event "Under 2300 Spring Tournament 3"]
[Site "SchemingMind.com"]
[Date "2017.04.02"]
[Round "-"]
[White "Wojtek26"]
[Black "Scooter"]
[Result "1-0"]
[WhiteCountry "POL"]
[BlackCountry "USA"]
[WhiteElo "1580"]
[WhiteRD "50"]
[BlackElo "1707"]
[BlackRD "53"]
[GameID "412397"]

1. d4 Nf6 2. Nf3 g6 3. e3 Bg7 4. c4 O-O 5. Nbd2 b6 6. Bd3 Bb7 7. O-O d6 8. a3 Nbd7 9. b4 d5 10. c5 Re8
11. Qc2 c6 12. h3 Qc8 13. Re1 bxc5 14. bxc5 Ba6 15. Bxa6 Qxa6 16. Nf1 Rab8 17. Ng3 Rb5 18. a4 Rb7 19. Bd2 Reb8 20. Bc3 Rb3
21. Nd2 R3b7 22. Reb1 Rxb1+ 23. Rxb1 Rxb1+ 24. Nxb1 Qb7 25. Qb2 Qxb2 26. Bxb2 Ne8 27. Bc3 Nc7 28. Ba5 Ne6 29. Nd2 Nf6 30. Kf1 Ng5
31. Bc7 Ne8 32. Bb8 a6 33. Nb3 Nf6 34. Na5 Nd7 35. Nxc6 Nxb8 36. Nxb8 a5 37. Nc6
1-0

[Event "Under 2300 Spring Tournament 3"]
[Site "SchemingMind.com"]
[Date "2017.04.02"]
[Round "-"]
[White "ray winteringham"]
[Black "Wojtek26"]
[Result "0-1"]
[WhiteCountry "ENG"]
[BlackCountry "POL"]
[WhiteElo "1496"]
[WhiteRD "51"]
[BlackElo "1580"]
[BlackRD "50"]
[GameID "412398"]

1. e4 e5 2. Nc3 Nf6 3. f3 Bc5 4. Bc4 O-O 5. Nge2 Nc6 6. d3 d6 7. Bg5 h6 8. Bh4 Nd4 9. a3 Be6 10. Qd2 Bxc4
11. dxc4 a6 12. Bxf6 Qxf6 13. O-O-O Rfb8 14. Nd5 Qd8 15. h3 c6 16. Ndc3 Qb6 17. Qe1 Qc7 18. Ng3 b5 19. Nh5 b4 20. Qg3 f5
21. exf5 bxc3 22. f6 Ne2+
0-1

[Event "Under 2300 Spring Tournament 3"]
[Site "SchemingMind.com"]
[Date "2017.04.02"]
[Round "-"]
[White "Wojtek26"]
[Black "ray winteringham"]
[Result "1-0"]
[WhiteCountry "POL"]
[BlackCountry "ENG"]
[WhiteElo "1580"]
[WhiteRD "50"]
[BlackElo "1496"]
[BlackRD "51"]
[GameID "412399"]

1. d4 d5 2. Nf3 Nf6 3. e3 g6 4. Bd3 Bg7 5. O-O e6 6. c4 c6 7. Nbd2 O-O 8. a3 b6 9. b4 Bb7 10. Bb2 Nbd7
11. c5 b5 12. Ne5 Nxe5 13. dxe5 Nd7 14. f4 a5 15. Nf3 axb4 16. axb4 Qc7 17. Qc2 Ra6 18. Rxa6 Bxa6 19. Ra1 Bb7 20. Ng5 f5
21. Nxe6 Qc8 22. Nxf8 Bxf8 23. g4 Bg7 24. gxf5 Nf8 25. fxg6 Nxg6 26. Bxg6 Qg4+ 27. Kf2 hxg6 28. Ra7 Qh4+ 29. Ke2 Bc8 30. Qxg6 Qxh2+
31. Kd3 Qh7 32. Qxh7+ Kxh7 33. e6
1-0

[Event "Under 2300 Spring Tournament 3"]
[Site "SchemingMind.com"]
[Date "2017.04.12"]
[Round "-"]
[White "emvarela"]
[Black "klagefall"]
[Result "0-1"]
[WhiteCountry "ARG"]
[BlackCountry "GER"]
[WhiteElo "1757"]
[WhiteRD "53"]
[BlackElo "2045"]
[BlackRD "101"]
[GameID "412763"]

1. e4 e5 2. Nf3 Nc6 3. Bb5 a6 4. Bxc6 dxc6 5. O-O Be7 6. d4 exd4 7. Qxd4 Qxd4 8. Nxd4 Bd7 9. Bf4 O-O-O 10. Nd2 c5
11. N4f3 Bc6 12. Ne5 Be8 13. Rad1 Bf6 14. Nb3 b6 15. Rxd8+ Bxd8 16. c3 f6 17. Nf3 Ne7 18. e5 fxe5 19. Bxe5 Rg8 20. Ng5 Ng6
21. Bg3 Bxg5
0-1

[Event "Under 2300 Spring Tournament 3"]
[Site "SchemingMind.com"]
[Date "2017.04.12"]
[Round "-"]
[White "klagefall"]
[Black "emvarela"]
[Result "1-0"]
[WhiteCountry "GER"]
[BlackCountry "ARG"]
[WhiteElo "2045"]
[WhiteRD "101"]
[BlackElo "1757"]
[BlackRD "53"]
[GameID "412764"]

1. d4 Nf6 2. c4 g6 3. Nc3 Bg7 4. e4 d6 5. Nf3 O-O 6. Be2 e5 7. Bg5 Nbd7 8. d5 a6 9. Nd2 c5 10. a3 h6
11. Bh4 g5 12. Bg3 Nh7 13. b4 cxb4 14. axb4 f5 15. f3 f4 16. Bf2 Qc7 17. O-O Nb6 18. c5 Nd7 19. Nb3 b5 20. Qd2 dxc5
21. bxc5 Nhf6 22. Nxb5
1-0

[Event "Under 2300 Spring Tournament 3"]
[Site "SchemingMind.com"]
[Date "2017.04.12"]
[Round "-"]
[White "klagefall"]
[Black "Scooter"]
[Result "1-0"]
[WhiteCountry "GER"]
[BlackCountry "USA"]
[WhiteElo "2024"]
[WhiteRD "152"]
[BlackElo "1707"]
[BlackRD "53"]
[GameID "412765"]

1. d4 Nf6 2. c4 g6 3. Nc3 Bg7 4. e4 d6 5. Nf3 Bg4 6. Be3 e5 7. dxe5 Bxf3 8. Qa4+ Nfd7 9. gxf3 Bxe5 10. f4 Bxc3+
11. bxc3 O-O 12. Bg2 Nc6 13. h4 Nb6 14. Qd1 Nxc4 15. h5 Nxe3 16. fxe3 Na5 17. Qg4 Nc4 18. Qh3 Qf6 19. e5 dxe5 20. hxg6 fxg6
21. Qxh7#
1-0

[Event "Under 2300 Spring Tournament 3"]
[Site "SchemingMind.com"]
[Date "2017.04.11"]
[Round "-"]
[White "Scooter"]
[Black "klagefall"]
[Result "1-0"]
[WhiteCountry "USA"]
[BlackCountry "GER"]
[WhiteElo "1707"]
[WhiteRD "53"]
[BlackElo "2024"]
[BlackRD "152"]
[GameID "412766"]

1. d4 d5 2. Nf3 Nf6 3. Bf4 c5 4. e3 Qb6 5. b3 Bf5 6. Bd3 Bxd3 7. Qxd3 e6 8. O-O Nc6 9. c3 Be7 10. Ne5 Rc8
11. Nd2 O-O 12. Ndf3 cxd4 13. exd4 Rfd8 14. Ng5 Rf8 15. Nd7
1-0

[Event "Under 2300 Spring Tournament 3"]
[Site "SchemingMind.com"]
[Date "2017.04.12"]
[Round "-"]
[White "klagefall"]
[Black "ray winteringham"]
[Result "1-0"]
[WhiteCountry "GER"]
[BlackCountry "ENG"]
[WhiteElo "2024"]
[WhiteRD "152"]
[BlackElo "1496"]
[BlackRD "51"]
[GameID "412767"]

1. d4 g6 2. c4 Bg7 3. e4 e5 4. dxe5 Bxe5 5. f4 Bg7 6. Nf3 d6 7. Nc3 Ne7 8. Be3 O-O 9. Bd3 Bxc3+ 10. bxc3 Bd7
11. O-O c5 12. f5 Nec6 13. Ng5 Ne5 14. f6 Ng4 15. Qf3 Qc7 16. Rae1 d5 17. Bf4 Qa5 18. e5 Qxc3 19. cxd5 h6 20. Ne6 fxe6
21. Bxg6 Qxf3 22. Rxf3 Nxf6 23. exf6 Rxf6 24. Be4 Na6 25. Rg3+ Kf7 26. dxe6+ Bxe6 27. Be5 Rg8 28. Rxg8
1-0

[Event "Under 2300 Spring Tournament 3"]
[Site "SchemingMind.com"]
[Date "2017.04.12"]
[Round "-"]
[White "ray winteringham"]
[Black "klagefall"]
[Result "0-1"]
[WhiteCountry "ENG"]
[BlackCountry "GER"]
[WhiteElo "1496"]
[WhiteRD "51"]
[BlackElo "2024"]
[BlackRD "152"]
[GameID "412768"]

1. e4 e5 2. Nf3 Nc6 3. Bc4 Bc5 4. O-O Nf6 5. d3 a6 6. Bg5 h6 7. Bh4 g5 8. Bg3 d6 9. Nc3 Na5 10. Nd2 Nxc4
11. Nxc4 Be6 12. Ne3 c6 13. a3 Bg4 14. Qd2 Be6 15. f3 Nh5 16. Bf2 Nf4 17. b4 Ba7 18. Bg3 Qf6 19. Kh1 h5 20. Ne2 O-O-O
21. Rfe1 Rdg8 22. h3 Nxh3 23. gxh3 Qxf3+ 24. Ng2 Bxh3 25. Rg1 Bxg1 26. Rxg1 h4 27. Bh2 Bxg2+ 28. Rxg2 h3 29. Ng1 Qxg2+ 30. Qxg2 hxg2+
31. Kxg2 Kd7 32. Ne2 Ke6 33. Ng3 f6 34. Nf5 d5 35. c3 Rh7 36. Bg3 b5 37. Kf3 Ra8 38. d4 a5 39. dxe5 fxe5 40. Ne3 axb4
41. axb4 Ra3 42. Nd1 Rh1 43. exd5+ cxd5 44. Ke2 Rxd1 45. Kxd1 Rxc3
0-1

[Event "Under 2300 Spring Tournament 3"]
[Site "SchemingMind.com"]
[Date "2017.04.12"]
[Round "-"]
[White "Wojtek26"]
[Black "klagefall"]
[Result "0-1"]
[WhiteCountry "POL"]
[BlackCountry "GER"]
[WhiteElo "1580"]
[WhiteRD "50"]
[BlackElo "2024"]
[BlackRD "152"]
[GameID "412770"]

1. d4 d5 2. c4 e6 3. e3 Nf6 4. Nf3 c5 5. Bd3 Nc6 6. cxd5 exd5 7. dxc5 Bxc5 8. O-O O-O 9. Nc3 Bg4 10. h3 Bh5
11. Be2 Re8 12. Nd2 Bg6 13. Bb5 Rc8 14. Nf3 a6 15. Ba4 b5 16. Bc2 d4 17. exd4 Nxd4 18. Nxd4 Qxd4 19. Bxg6 hxg6 20. Qxd4 Bxd4
21. Bg5 Bxc3 22. bxc3 Rxc3 23. Bxf6 gxf6 24. Rfd1 Rc2 25. Rd6 Ree2 26. Rxf6 Rxa2 27. Rxa6 Rab2 28. Rf6 Kg7 29. Rf3 Re7 30. Rf4 Rb7
31. Rf3 b4 32. Ra4 Rb1+ 33. Kh2 b3 34. Rc3 b2
0-1

[Event "Under 2300 Spring Tournament 3"]
[Site "SchemingMind.com"]
[Date "2017.04.13"]
[Round "-"]
[White "emvarela"]
[Black "flyinduck"]
[Result "1-0"]
[WhiteCountry "ARG"]
[BlackCountry "CAN"]
[WhiteElo "1928"]
[WhiteRD "59"]
[BlackElo "1960"]
[BlackRD "65"]
[GameID "412786"]

1. e4 e5 2. Nf3 Nc6 3. Bb5 a6 4. Bxc6 dxc6 5. O-O Ne7 6. d4 exd4 7. Qxd4 Qxd4 8. Nxd4 c5 9. Nb3 Nc6 10. c3 Be7
11. Be3 b6 12. N1d2 Be6 13. Rad1 O-O-O 14. h3 f6 15. Nf3 a5 16. Nc1 a4 17. a3 Na5 18. Rfe1 Nc4 19. Ne2 Nxe3 20. Rxd8+ Rxd8
21. fxe3 g5 22. Kf2 h5 23. Nc1 Bc4 24. Ne2 h4 25. e5 Rf8 26. exf6 Rxf6 27. e4 Re6 28. Ke3 Bd5 29. Nd2 Bc6 30. Kf2 Bxe4
31. Nf4 gxf4 32. Nxe4 Rg6 33. Nd2 Bd6 34. Nf3 Rh6 35. Re8+ Kd7 36. Rg8 b5 37. Rg4 c4 38. Nxh4 Bc5+ 39. Kf3 Rd6 40. Rg7+ Kc6
41. Rg6 b4 42. Rxd6+ cxd6 43. axb4 Bxb4 44. cxb4 c3 45. bxc3 a3 46. Nf5 Kd5 47. Nd4 a2 48. Nb3 Kc4 49. Na1
1-0

[Event "Under 2300 Spring Tournament 3"]
[Site "SchemingMind.com"]
[Date "2017.04.13"]
[Round "-"]
[White "flyinduck"]
[Black "emvarela"]
[Result "1/2-1/2"]
[WhiteCountry "CAN"]
[BlackCountry "ARG"]
[WhiteElo "1967"]
[WhiteRD "64"]
[BlackElo "1913"]
[BlackRD "56"]
[GameID "412787"]

1. e4 e5 2. f4 exf4 3. Nf3 d6 4. d4 g5 5. g3 Bg4 6. Bg2 fxg3 7. hxg3 Bg7 8. Qd3 Bxf3 9. Bxf3 Nc6 10. c3 h6
11. Na3 Qd7 12. Qe2 Nf6 13. Bd2 O-O-O 14. O-O-O Rhe8 15. Rhe1 Nxe4 16. Bxe4 d5 17. Bf5 Qxf5 18. Qxe8 Rxe8 19. Rxe8+ Nd8 20. Rde1 h5
21. Nc2 h4 22. Ne3 Qd7 23. Rg8 Bf6 24. g4 c5 25. dxc5 Kc7 26. Nf5 Ne6 27. b4 Nf4 28. Ree8 Qa4 29. Bxf4+ gxf4 30. Ref8 Bxc3
31. Rc8+ Kd7 32. c6+ Ke6 33. cxb7 Qa3+ 34. Kd1 Qa4+ 35. Kc1=
1/2-1/2

[Event "Under 2300 Spring Tournament 3"]
[Site "SchemingMind.com"]
[Date "2017.04.12"]
[Round "-"]
[White "klagefall"]
[Black "flyinduck"]
[Result "1-0"]
[WhiteCountry "GER"]
[BlackCountry "CAN"]
[WhiteElo "2121"]
[WhiteRD "116"]
[BlackElo "2006"]
[BlackRD "56"]
[GameID "412788"]

1. d4 d5 2. c4 c5 3. cxd5 Nf6 4. e4 Nxe4 5. dxc5 Qa5+ 6. Bd2 Nxd2 7. Qxd2 Qxc5 8. Na3 Na6 9. Rc1 Qb4 10. Rc3 g6
11. Bxa6
1-0

[Event "Under 2300 Spring Tournament 3"]
[Site "SchemingMind.com"]
[Date "2017.04.14"]
[Round "-"]
[White "flyinduck"]
[Black "klagefall"]
[Result "1/2-1/2"]
[WhiteCountry "CAN"]
[BlackCountry "GER"]
[WhiteElo "2009"]
[WhiteRD "55"]
[BlackElo "2045"]
[BlackRD "101"]
[GameID "412789"]

1. e4 e5 2. Nf3 Nc6 3. Bb5 a6 4. Ba4 Nf6 5. O-O Be7 6. Re1 b5 7. Bb3 O-O 8. c3 d5 9. exd5 Nxd5 10. Nxe5 Nxe5
11. Rxe5 c6 12. d4 Bd6 13. Re1 Qh4 14. g3 Qh3 15. Qe2 Bg4 16. Qf1 Qh5 17. Nd2 Rae8 18. Rxe8 Rxe8 19. f3 Bh3 20. Qf2 Bf5
21. Nf1 Bd3 22. Ne3 Qg6 23. Bxd5 cxd5 24. Bd2 f5 25. Re1 f4 26. Nxd5 Rxe1+ 27. Bxe1 Bc4 28. Nb4 Bxb4 29. cxb4 Bxa2 30. Qe2 Bc4
31. Qe4 fxg3=
1/2-1/2

[Event "Under 2300 Spring Tournament 3"]
[Site "SchemingMind.com"]
[Date "2017.04.13"]
[Round "-"]
[White "Scooter"]
[Black "flyinduck"]
[Result "0-1"]
[WhiteCountry "USA"]
[BlackCountry "CAN"]
[WhiteElo "1739"]
[WhiteRD "53"]
[BlackElo "2009"]
[BlackRD "55"]
[GameID "412790"]

1. d4 d5 2. Nf3 Bf5 3. e3 e6 4. Bd3 Nf6 5. Bxf5 exf5 6. O-O Bd6 7. b3 O-O 8. Bb2 Nbd7 9. Nbd2 c6 10. c4 Re8
11. c5 Bc7 12. b4 Ne4 13. a4 f4 14. exf4 Bxf4 15. Nxe4 dxe4 16. Nd2 Qg5 17. Nc4 Nf6 18. Bc1 Nd5 19. Bxf4 Nxf4 20. Ne3 Rad8
21. g3 Rxd4 22. Qg4 Qxg4 23. Nxg4 Ne2+ 24. Kg2 Rxb4 25. Rfe1 Nc3 26. a5 a6 27. Rec1 Nd5 28. Rcb1 f5 29. Rxb4 Nxb4 30. Ne3 Re5
31. Rb1 Nd3 32. Rxb7 Rxc5 33. Rb6 Rxa5 34. Rxc6 Ra2
0-1

[Event "Under 2300 Spring Tournament 3"]
[Site "SchemingMind.com"]
[Date "2017.04.16"]
[Round "-"]
[White "flyinduck"]
[Black "Scooter"]
[Result "1-0"]
[WhiteCountry "CAN"]
[BlackCountry "USA"]
[WhiteElo "2006"]
[WhiteRD "56"]
[BlackElo "1708"]
[BlackRD "53"]
[GameID "412791"]

1. e4 c6 2. Nc3 d5 3. Nf3 dxe4 4. Nxe4 Bf5 5. Ng3 Bg6 6. Ne5 Nd7 7. Nxg6 hxg6 8. d4 Qc7 9. Be3 Ngf6 10. Bc4 e6
11. Qe2 Bd6 12. O-O-O O-O-O 13. Kb1 Nb6 14. Bb3 Bxg3 15. hxg3 Nbd5 16. Bc1 Rh5 17. Rxh5 gxh5 18. c4 Ne7 19. Bf4 Qb6 20. c5 Qa5
21. Qe5 Kd7 22. Qg5 Rg8 23. Be5 Ne8 24. Qxh5 Rf8 25. Bf4 Nf6 26. Qe5
1-0

[Event "Under 2300 Spring Tournament 3"]
[Site "SchemingMind.com"]
[Date "2017.04.16"]
[Round "-"]
[White "ray winteringham"]
[Black "flyinduck"]
[Result "0-1"]
[WhiteCountry "ENG"]
[BlackCountry "CAN"]
[WhiteElo "1500"]
[WhiteRD "51"]
[BlackElo "2006"]
[BlackRD "56"]
[GameID "412792"]

1. e4 e5 2. Bc4 Nf6 3. d3 Nc6 4. Nf3 Bc5 5. Bxf7+ Kxf7 6. O-O d6 7. h3 Rf8 8. Bg5 Kg8 9. Nbd2 Be6 10. a3 Qd7
11. Bxf6 Rxf6 12. Nh2 Raf8 13. Qe2 Rxf2 14. Rxf2 Rxf2 15. Qe1 Rxd2+ 16. Kh1 Rxc2 17. b4 Bd4 18. Rb1 Bxh3
0-1

[Event "Under 2300 Spring Tournament 3"]
[Site "SchemingMind.com"]
[Date "2017.04.16"]
[Round "-"]
[White "flyinduck"]
[Black "ray winteringham"]
[Result "1-0"]
[WhiteCountry "CAN"]
[BlackCountry "ENG"]
[WhiteElo "2006"]
[WhiteRD "56"]
[BlackElo "1500"]
[BlackRD "51"]
[GameID "412793"]

1. e4 Nc6 2. d4 Nf6 3. e5 Nd5 4. c4 Nb6 5. d5 Nxe5 6. c5 Nbc4 7. Qd4 f6 8. Bxc4 b6 9. cxb6 axb6 10. Nc3 Bb7
11. Be2 d6 12. f4 c5 13. Qe4 Nd7 14. Bh5+ g6 15. Bxg6+
1-0

[Event "Under 2300 Spring Tournament 3"]
[Site "SchemingMind.com"]
[Date "2017.04.17"]
[Round "-"]
[White "flyinduck"]
[Black "Wojtek26"]
[Result "1-0"]
[WhiteCountry "CAN"]
[BlackCountry "POL"]
[WhiteElo "2006"]
[WhiteRD "56"]
[BlackElo "1567"]
[BlackRD "50"]
[GameID "412794"]

1. e4 e5 2. f4 exf4 3. Nf3 d6 4. d4 Nc6 5. Bxf4 Bg4 6. Bb5 Ne7 7. O-O a6 8. Ba4 b5 9. Bb3 Na5 10. Bxf7+ Kxf7
11. Ng5+ Kg8 12. Qxg4 h6 13. Qe6#
1-0

[Event "Under 2300 Spring Tournament 3"]
[Site "SchemingMind.com"]
[Date "2017.04.16"]
[Round "-"]
[White "Wojtek26"]
[Black "flyinduck"]
[Result "0-1"]
[WhiteCountry "POL"]
[BlackCountry "CAN"]
[WhiteElo "1596"]
[WhiteRD "45"]
[BlackElo "2000"]
[BlackRD "61"]
[GameID "412795"]

1. d4 d5 2. c4 Bf5 3. e3 c6 4. Nf3 e6 5. Bd3 Nf6 6. Bxf5 exf5 7. Nc3 dxc4 8. O-O Nbd7 9. b3 cxb3 10. axb3 Bd6
11. Qc2 g6 12. Re1 O-O 13. Ba3 Bxa3 14. Rxa3 Re8 15. Rea1 a6 16. Ne2 Rc8 17. Nf4 c5 18. Qb2 cxd4 19. Nxd4 Qc7 20. h3 Qc3
21. Qxc3 Rxc3 22. Nde2 Rc7 23. Nd4 Rec8 24. Nd3 Ne4 25. Rd1 Ndc5 26. Nxc5 Rxc5 27. Raa1 Nc3 28. Re1 Nb5 29. Nxb5 Rxb5 30. Rab1 Rc3
31. b4 Rc4 32. Red1 Rbxb4 33. Rd8+ Kg7 34. Rbd1 Rc7 35. Ra1 Rb2 36. g4 fxg4 37. hxg4 Rcc2 38. Rf1 h6 39. Rb8 a5 40. Rd1 Rxf2
41. Rf1 Rg2+
0-1

[Event "Under 2300 Spring Tournament 3"]
[Site "SchemingMind.com"]
[Date "2017.04.13"]
[Round "-"]
[White "emvarela"]
[Black "Iucounu"]
[Result "1-0"]
[WhiteCountry "ARG"]
[BlackCountry "ENG"]
[WhiteElo "1913"]
[WhiteRD "56"]
[BlackElo "1551"]
[BlackRD "59"]
[GameID "412829"]

1. f4 d5 2. Nf3 Nf6 3. e3 g6 4. Nc3 Bg7 5. d3 O-O 6. Bd2 Bg4 7. h3 Bxf3 8. Qxf3 e6 9. Be2 c6 10. O-O-O Nbd7
11. e4 dxe4 12. Nxe4 Nxe4 13. dxe4 Qb6 14. Bc3 Bxc3 15. Qxc3 Nc5 16. Bf3 Na4 17. Qb3 Qxb3 18. axb3 Nb6 19. g3 Rfd8 20. c4 Kf8
21. Kc2 Ke7 22. c5 Nd7 23. b4 h5 24. Rd6 Nf6 25. Rhd1 Rxd6 26. cxd6+ Kd7 27. e5 Nd5 28. Bxd5 exd5 29. Kc3 a5 30. bxa5 Rxa5
31. b3 Ra2 32. Rd3 b6 33. h4 Ke6 34. Rd1 Rg2 35. Rd3 f6 36. b4 fxe5 37. fxe5 Re2 38. b5 c5 39. d7 Kxd7 40. Rxd5+ Kc7
41. Kd3 Re1 42. Kd2 Re4 43. Rd6 Rxe5 44. Rxg6 c4 45. Rg5 Rxg5 46. hxg5 Kd6 47. Kc3
1-0